000 00624nam a2200229 i 4500
001 3623091
005 20171228033521.0
008 750201t19741975maua b 001 0 eng
010 _a 74010240
020 _a0395186145
040 _aDLC
_cDLC
_dDLC
041 _aeng
043 _an-us---
080 _a370.1930973 TES
082 0 0 _a370.1930973 TES
100 1 _a50
101 _aSOC
245 1 0 _aSchooling in America :
_cCharles A. Tesconi, Jr.
504 _aIncludes bibliographies and index.
906 _a7
_bcbc
_corignew
_d2
_eocip
_f19
_gy-gencatlg
942 _2ddc
_cBK
999 _c39507
_d39507